[Event "Klatovy op-B 24th"]
[Site "Klatovy"]
[Date "2018.06.30"]
[Round "1"]
[White "Kuta, Miroslav"]
[Black "Zimmermann, Ladislav"]
[Result "1-0"]
[WhiteElo "1725"]
[BlackElo "1300"]
[PlyCount "99"]
[EventDate "2018.06.30"]
[EventType "swiss"]
[EventRounds "9"]
[EventCountry "CZE"]
[SourceTitle "CBM 185 Extra"]
[Source "ChessBase"]
[SourceDate "2018.07.29"]
[SourceVersion "1"]
[SourceVersionDate "2018.07.29"]
[SourceQuality "1"]

1. d4 Nf6 2. c4 d5 3. Nc3 e6 4. Bg5 Be7 5. e3 0-0 6. Nf3 h6 7. Bh4 b6 8. Bd3 Bb7 9. cxd5 Nxd5 10. Bg3 Nxc3 11. bxc3 Nd7 12. 0-0 a5 13. Qe2 Bd6 14. e4 Bxg3 15. fxg3 Qe7 16. Rac1 c5 17. Nd2 cxd4 18. cxd4 Rac8 19. Ba6 Rb8 20. Rc7 Bxa6 21. Qxa6 Qd6 22. Qc4 b5 23. Qc3 b4 24. Qc4 Nb6 25. Qc5 Qxc5 26. dxc5 Na4 27. Nb3 Ra8 28. e5 Nc3 29. Nc1 Nd5 30. Rb7 f6 31. exf6 Rxf6 32. Re1 a4 33. c6 Rc8 34. Ra7 a3 35. Ra6 Kf7 36. Nd3 Ke7 37. Nc5 Nc7 38. Ra7 Kd6 39. Ne4+ Kxc6 40. Nxf6 gxf6 41. Ra5 Kd7 42. Rc1 Nd5 43. Rxc8 Kxc8 44. Rb5 Kd7 45. Kf2 Kd6 46. Kf3 Ke5 47. h4 h5 48. g4 hxg4+ 49. Kxg4 Ke4 50. h5 1-0

[Event "Klatovy op-B 23rd"]
[Site "Klatovy"]
[Date "2017.07.05"]
[Round "5"]
[White "Zimmermann, Ladislav"]
[Black "Kalista, Frantisek"]
[Result "1-0"]
[WhiteElo "1320"]
[BlackElo "1000"]
[PlyCount "75"]
[EventDate "2017.07.01"]
[EventType "swiss"]
[EventRounds "9"]
[EventCountry "CZE"]
[SourceTitle "EXT 2018"]
[Source "ChessBase"]
[SourceDate "2017.10.13"]
[SourceVersion "1"]
[SourceVersionDate "2017.10.13"]
[SourceQuality "1"]

1. e4 c5 2. Nf3 d6 3. d4 cxd4 4. Nxd4 Nf6 5. Nc3 Nbd7 6. Bd3 e5 7. Nf3 Be7 8. b3 0-0 9. Bb2 b6 10. Qd2 Bb7 11. 0-0-0 a5 12. Qe3 Ng4 13. Qe2 Re8 14. h3 Ngf6 15. Bc4 Bc6 16. Bb5 Bxb5 17. Nxb5 Nc5 18. Bxe5 Ncxe4 19. Bxf6 Nxf6 20. Rhe1 Bf8 21. Qd2 Rxe1 22. Nxe1 d5 23. Nd4 Ba3+ 24. Kb1 Qd7 25. Nb5 Bc5 26. Nf3 Re8 27. c4 d4 28. Nbxd4 Bxd4 29. Qxd4 Qf5+ 30. Kc1 Rb8 31. Qe5 Qxe5 32. Nxe5 g6 33. Nc6 Kg7 34. Nxb8 Ne4 35. f3 Nc3 36. Rd2 b5 37. cxb5 Nxb5 38. Rd5 1-0

[Event "Klatovy op-B 23rd"]
[Site "Klatovy"]
[Date "2017.07.03"]
[Round "3"]
[White "Velkoborsky, Tadeas"]
[Black "Zimmermann, Ladislav"]
[Result "1-0"]
[WhiteElo "1077"]
[BlackElo "1320"]
[PlyCount "153"]
[EventDate "2017.07.01"]
[EventType "swiss"]
[EventRounds "9"]
[EventCountry "CZE"]
[SourceTitle "EXT 2018"]
[Source "ChessBase"]
[SourceDate "2017.10.13"]
[SourceVersion "1"]
[SourceVersionDate "2017.10.13"]
[SourceQuality "1"]

1. e4 c5 2. Nf3 Nc6 3. Bc4 g6 4. 0-0 e6 5. Nc3 Bg7 6. d3 Nge7 7. Bg5 f6 8. Be3 d6 9. Qd2 0-0 10. Bh6 a6 11. Bxg7 Kxg7 12. d4 b5 13. Be2 b4 14. Na4 cxd4 15. Nxd4 e5 16. Nxc6 Nxc6 17. Rad1 a5 18. Qxd6 Qxd6 19. Rxd6 Nd4 20. Bd3 Be6 21. c3 Rad8 22. Rxd8 Rxd8 23. cxd4 Rxd4 24. Bb1 b3 25. axb3 Bxb3 26. Nc5 Bc4 27. Rc1 Bf7 28. Bd3 a4 29. Bc2 Rc4 30. Nxa4 Rb4 31. Rd1 Be8 32. b3 Kf7 33. Nc5 Ke7 34. f3 Rb5 35. Rd5 Ra5 36. b4 Ra1+ 37. Rd1 Ra2 38. Ba4 Bxa4 39. Nxa4 Rxa4 40. Rb1 Kd7 41. g3 Kc6 42. b5+ Kb6 43. Kg2 Rd4 44. Kh3 Rd3 45. Kg2 Rd2+ 46. Kh3 h6 47. f4 exf4 48. gxf4 Rd3+ 49. Kg2 Rd2+ 50. Kg3 Rd3+ 51. Kg2 f5 52. exf5 gxf5 53. Re1 Rd5 54. Re6+ Kxb5 55. Rxh6 Kc4 56. Rf6 Kd4 57. Kf3 Kd3 58. h4 Kd2 59. h5 Rd3+ 60. Kf2 Rh3 61. Rxf5 Kd3 62. Kg2 Rh4 63. Kg3 Rh1 64. Kg4 Rg1+ 65. Kh4 Rh1+ 66. Kg5 Rg1+ 67. Kh6 Ke4 68. Rg5 Rh1 69. Kg6 Kxf4 70. h6 Rd1 71. Rf5+ Kg4 72. h7 Rd8 73. Rf7 Rd6+ 74. Kg7 Kg5 75. h8Q Rg6+ 76. Kf8 Ra6 77. Qe5+ 1-0

[Event "Klatovy op-B 23rd"]
[Site "Klatovy"]
[Date "2017.07.02"]
[Round "2"]
[White "Zimmermann, Ladislav"]
[Black "Stanik, Michal"]
[Result "0-1"]
[WhiteElo "1320"]
[BlackElo "1746"]
[PlyCount "83"]
[EventDate "2017.07.01"]
[EventType "swiss"]
[EventRounds "9"]
[EventCountry "CZE"]
[SourceTitle "EXT 2018"]
[Source "ChessBase"]
[SourceDate "2017.10.13"]
[SourceVersion "1"]
[SourceVersionDate "2017.10.13"]
[SourceQuality "1"]

1. e4 e6 2. d4 d5 3. e5 c5 4. Nf3 cxd4 5. Nxd4 Nc6 6. Bb5 Bd7 7. Nxc6 bxc6 8. Ba4 Qa5+ 9. c3 Qa6 10. Bc2 c5 11. b3 Rc8 12. Nd2 c4 13. Qe2 Qa5 14. b4 Qc7 15. Nf3 a5 16. a3 f6 17. 0-0 fxe5 18. Qxe5 Nf6 19. Re1 Bd6 20. Qg5 0-0 21. Ne5 h6 22. Qg3 Ng4 23. Qxg4 Bxe5 24. Bxh6 Bxc3 25. Qg6 Bxa1 26. Rxa1 Qe5 27. Rc1 Qf6 28. Qh7+ Kf7 29. Bxg7 Qxg7 30. Bg6+ Kf6 31. Bc2 Qxh7 32. Bxh7 axb4 33. axb4 Rf7 34. Bc2 e5 35. f3 d4 36. Kf2 d3 37. Bb1 d2 38. Rg1 c3 39. Bc2 Bf5 40. Bb3 Rb7 41. Ke2 Rxb4 42. Bc2 0-1

[Event "Klatovy op-B 22nd"]
[Site "Klatovy"]
[Date "2016.07.09"]
[Round "8"]
[White "Psaila, Ocean"]
[Black "Zimmermann, Ladislav"]
[Result "0-1"]
[WhiteElo "1046"]
[BlackElo "1147"]
[PlyCount "48"]
[EventDate "2016.07.02"]
[EventType "swiss"]
[EventRounds "9"]
[EventCountry "CZE"]
[SourceTitle "EXT 2019"]
[Source "ChessBase"]
[SourceDate "2018.10.10"]
[SourceVersion "1"]
[SourceVersionDate "2018.10.10"]
[SourceQuality "1"]

1. d4 d5 2. Nf3 Nc6 3. e3 Bg4 4. Be2 e6 5. 0-0 Nf6 6. c4 Be7 7. Nc3 Bb4 8. Bd2 0-0 9. Qc2 Bf5 10. Bd3 Bxd3 11. Qxd3 Bxc3 12. Bxc3 Qd6 13. Rfd1 Ne4 14. Rac1 b6 15. b4 Nxb4 16. Bxb4 Qxb4 17. cxd5 exd5 18. Rxc7 Rfc8 19. Rdc1 Rxc7 20. Rxc7 Qb2 21. Qa6 Qxf2+ 22. Kh1 Rf8 23. Qc8 Qf1+ 24. Ng1 Nf2# 0-1

[Event "Klatovy op-B 22nd"]
[Site "Klatovy"]
[Date "2016.07.08"]
[Round "7"]
[White "Zimmermann, Ladislav"]
[Black "Janous, Marek"]
[Result "0-1"]
[WhiteElo "1147"]
[BlackElo "1200"]
[PlyCount "81"]
[EventDate "2016.07.02"]
[EventType "swiss"]
[EventRounds "9"]
[EventCountry "CZE"]
[SourceTitle "EXT 2019"]
[Source "ChessBase"]
[SourceDate "2018.10.10"]
[SourceVersion "1"]
[SourceVersionDate "2018.10.10"]
[SourceQuality "1"]

1. e4 c5 2. Nf3 Nc6 3. Bb5 a6 4. Bxc6 dxc6 5. 0-0 e6 6. d4 cxd4 7. Qxd4 Qxd4 8. Nxd4 Bd6 9. Re1 e5 10. Nf3 h6 11. b3 Bg4 12. Ba3 Bxa3 13. Nxa3 Bxf3 14. gxf3 Nf6 15. Nc4 0-0 16. Nxe5 Rfe8 17. Ng4 Nxg4 18. fxg4 Kh7 19. Rad1 Rad8 20. Rxd8 Rxd8 21. Re3 Rd2 22. Rc3 Kg6 23. h4 Kf6 24. a4 Ke5 25. f3 Kf4 26. h5 Kg3 27. Kf1 Rf2+ 28. Ke1 Rxf3 29. Rxf3+ Kxf3 30. Kf1 Kxg4 31. Ke2 Kxh5 32. Kf3 Kg6 33. c4 Kf6 34. Kg4 Ke5 35. Kf3 h5 36. b4 h4 37. b5 axb5 38. cxb5 h3 39. Kg3 Kxe4 40. Kxh3 Kd5 41. Kg4 0-1

[Event "Klatovy op-B 22nd"]
[Site "Klatovy"]
[Date "2016.07.07"]
[Round "6"]
[White "Kotal, Vit"]
[Black "Zimmermann, Ladislav"]
[Result "1-0"]
[WhiteElo "1292"]
[BlackElo "1147"]
[PlyCount "101"]
[EventDate "2016.07.02"]
[EventType "swiss"]
[EventRounds "9"]
[EventCountry "CZE"]
[SourceTitle "EXT 2019"]
[Source "ChessBase"]
[SourceDate "2018.10.10"]
[SourceVersion "1"]
[SourceVersionDate "2018.10.10"]
[SourceQuality "1"]

1. e4 e5 2. Nf3 Nc6 3. Bc4 Nf6 4. Ng5 d5 5. exd5 Nxd5 6. d3 f6 7. Ne4 Na5 8. Bxd5 Qxd5 9. Qh5+ Qf7 10. Qxf7+ Kxf7 11. 0-0 Be7 12. f4 Nc6 13. fxe5 Nxe5 14. Bf4 Bd6 15. d4 Nd7 16. Nxd6+ cxd6 17. Bxd6 Re8 18. Nc3 Re6 19. Nb5 a6 20. Nc7 Rxd6 21. Nxa8 Rxd4 22. Nc7 Nb6 23. Rfd1 Rc4 24. Nd5 Nxd5 25. Rxd5 Rxc2 26. b3 Be6 27. Rd4 g5 28. Rb4 Bd5 29. a4 Rxg2+ 30. Kf1 Rxh2 31. Ra3 Rh1+ 32. Ke2 h5 33. Rd4 Bc6 34. b4 h4 35. Rdd3 h3 36. Rxh3 Rg1 37. a5 Kg6 38. Kf2 Rg2+ 39. Ke1 Rb2 40. Rab3 Rg2 41. Rbd3 g4 42. Rd4 f5 43. Re3 Kg5 44. Re5 Be4 45. Rdxe4 Rb2 46. Rc4 g3 47. Re2 Rb3 48. Kf1 f4 49. Rec2 f3 50. Rc5+ Kg4 51. R2c4+ 1-0

[Event "Klatovy op-B 22nd"]
[Site "Klatovy"]
[Date "2016.07.06"]
[Round "5"]
[White "Zimmermann, Ladislav"]
[Black "Kudrna, Miroslav"]
[Result "0-1"]
[WhiteElo "1147"]
[BlackElo "1580"]
[PlyCount "90"]
[EventDate "2016.07.02"]
[EventType "swiss"]
[EventRounds "9"]
[EventCountry "CZE"]
[SourceTitle "EXT 2019"]
[Source "ChessBase"]
[SourceDate "2018.10.10"]
[SourceVersion "1"]
[SourceVersionDate "2018.10.10"]
[SourceQuality "1"]

1. e4 e6 2. d4 d5 3. Nc3 dxe4 4. Nxe4 Nd7 5. Bb5 Be7 6. Nf3 Ngf6 7. Ng3 0-0 8. 0-0 c5 9. c3 a6 10. Bd3 b5 11. b3 cxd4 12. cxd4 Bb7 13. Bb2 h6 14. a3 Nd5 15. Be4 N7f6 16. Bxd5 Nxd5 17. Ne2 Rc8 18. Rc1 Qb6 19. Rxc8 Rxc8 20. Qd2 a5 21. a4 bxa4 22. bxa4 Bb4 23. Qd3 Ba6 24. Qd1 Nc3 25. Bxc3 Bxc3 26. Kh1 Bxe2 27. Qxe2 Bxd4 28. Qb5 Bxf2 29. Qxb6 Bxb6 30. h3 Rc4 31. Rb1 Bd4 32. Nxd4 Rxd4 33. Ra1 f5 34. Re1 Kf7 35. Kg1 Rxa4 36. Rf1 Kf6 37. Kh2 g5 38. g4 e5 39. Rc1 e4 40. Rc6+ Ke5 41. Rc5+ Kd4 42. Rc8 Ra2+ 43. Kg1 f4 44. Rd8+ Ke3 45. Rb8 Ra1+ 0-1